LEADER 00631nam a2200181 i 4500 001 000000103079 003 CaOOAMICUS 005 20260407161448.0 008 010914s1966 it u000 u ita u 040 $aSeMil$bita 245 10$a4: Dah-Duu. 300 $a1044 p. 773 0 $aBattaglia, Salvatore <1904-1971>$tGrande dizionario della lingua italiana.$dTorino : UTET, 1961-2009.$g4$w()6614 850 $aSeMil 852 $aSeMil$W1$xVenegono$y1$mSL1.A V 4$j269809$B59540$CSeMilBibl$Z2$F44027 $8I 961 $aOmaggio: Biblioteca Seminario Masnago 996 $6245$a4: Dah-Duu$9(OLS)http://semarc/title/149816